| 000 | 01160nam a2200289 a 4500 | ||
|---|---|---|---|
| 001 | 000001860 | ||
| 003 | DO-SdBNP | ||
| 005 | 20250714104425.0 | ||
| 008 | 090629s2005 cu ac 000 0 spa d | ||
| 020 | _a9592112711 | ||
| 040 |
_aDO-SdBNP _bspa _cBNPHU |
||
| 082 |
_a972.91064 _bR696g |
||
| 100 | 1 |
_aRodríguez, Juan Carlos, _d1943- _95919 |
|
| 245 | 1 | 0 |
_aGirón la batalla inevitable : _bla más colosal operación de la CIA contra Fidel Castro / _cJuan Carlos Rodríguez ; edición Iraida Aguirrechu Núñez ; correción Martha Pon Rodríguez ; prólogo José Ramón Fernández. |
| 260 |
_aLa Habana : _bCapitán San Luis, _c2005. |
||
| 300 |
_a345 p. : _bil., retr. ; _c22 cm. |
||
| 490 | 0 | _aDenuncia | |
| 504 | _aIncluye referencias bibliográficas y notas al pie de las páginas. | ||
| 650 | 7 |
_aRevolucionarios _96063 _zCuba |
|
| 651 | 4 |
_aCuba _xHistoria _yRevolución, 1959 _92456 |
|
| 651 | 4 |
_aCuba _xHistoria _yConspiración de 1961 _96062 |
|
| 700 | 1 |
_aAguirrechu Núñez, Iraida, _eed. _96064 |
|
| 700 | 1 |
_aPon Rodríguez, Martha, _ecorr. _96065 |
|
| 700 | 1 |
_aFernández, José Ramón, _epról. _96066 |
|
| 830 | 0 |
_aDenuncia _95844 |
|
| 942 |
_2ddc _cLBS1 |
||
| 999 |
_c1737 _d1737 |
||